Những điều cần biết khi đối xử với đồng nghiệp /

Đã lưu trong:
Bibliografiske detaljer
Hovedforfatter: Li Hao
Format: Sách giấy
Sprog:Vietnamese
Udgivet: H. : Hà nội, 2004
Serier:Tủ sách phát huy năng lực bản thân
Fag:
Tags: Tilføj Tag
Ingen Tags, Vær først til at tagge denne postø!
Thư viện lưu trữ: Thư viện Trường Đại học Đà Lạt
LEADER 00853nam a2200325 4500
001 DLU060050980
005 ##20060214
040 # # |a DLU  |b vie 
041 # # |a vie 
044 # # |a vn 
082 # # |a 651.7  |b LI-H 
100 # # |a Li Hao 
245 # # |a Những điều cần biết khi đối xử với đồng nghiệp /  |c Li Hao; Phan Hà Sơn dịch 
260 # # |a H. :  |b Hà nội,  |c 2004 
300 # # |a 354 tr. ;  |c 21 cm 
490 # # |a Tủ sách phát huy năng lực bản thân 
653 # # |a Giáo tiếp xã hội 
653 # # |a Nghệ thuật ứng xử 
653 # # |a Nghiệp vụ văn phòng 
653 # # |a Xã hội học 
923 # # |a 61/2005 
992 # # |a 49.000 
994 # # |a DLU 
900 # # |a True 
911 # # |a Đào Thị Thu Huyền 
925 # # |a G 
926 # # |a A 
927 # # |a SH 
980 # # |a Thư viện Trường Đại học Đà Lạt